00628nam a2200241 a 4500001001300000003000900013005001700022008004100039020000900080082001700089100002100106245002200127260002300149300000900172500003500181505001000216650001200226700002100238902000800259942000700267952009700274999001500371nice12345678IN_TiNIC20260116012823.0050524s1987 dela grp 000 0 eng  ac2500a320.532bMOT aMotilal Pandit,  aDid Marx Kill God aDelhibISPCKc1987 a120p aincludes index and biblioraphy2 aIndex aMarxism1 aMotilal Pandit,  bSRS cBK 00104070aHMIbHMId2007-04-05g25.00l0o320.532 MOTp013035r2007-04-05w2026-01-16yEB c8511d8511